| Tag |
First Indicator |
Second Indicator |
Subfields |
| LEADER |
00000cam a2200000 a 4500 |
| 001 |
in00002139602 |
| 006 |
m e d # |
| 007 |
cr mn mmmmabba |
| 008 |
840611s1730 nyua s 000 0 eng d |
| 005 |
20260331151033.3 |
| 035 |
|
|
|z w032518
|
| 035 |
|
|
|a MAAR8406111010B
|
| 035 |
|
|
|9 mwa91-25649
|
| 035 |
|
|
|a 320803
|
| 035 |
|
|
|a aas03032518
|
| 040 |
|
|
|a MWA
|c MWA
|e bdrb
|d UtOrBLW
|
| 100 |
1 |
|
|a Leeds, Titan,
|d 1699-1738.
|
| 245 |
1 |
0 |
|a Leeds 1731. The American almanack for the year of Christian account 1731 :
|b ... Fitted to the latitude of 40 degrees north, and a meridian of five hours west from London ... /
|c By Titan Leeds, philomat.
|
| 264 |
|
3 |
|a [New York] :
|b Printed and sold by William Bradford in New- York, and Andrew Bradford in Philadelphia,
|c [1730]
|
| 300 |
|
|
|a 24 unnumbered pages :
|b illustrations ;
|c 16 cm. (octavo)
|
| 336 |
|
|
|a text
|b txt
|2 rdacontent
|
| 337 |
|
|
|a computer
|b c
|2 rdamedia
|
| 338 |
|
|
|a online resource
|b cr
|2 rdacarrier
|
| 500 |
|
|
|a The Anatomy is the only illustration.
|
| 510 |
4 |
|
|a Evans
|c 3294
|
| 510 |
4 |
|
|a Drake, M. Almanacs,
|c 5587
|
| 530 |
|
|
|a Microform version available in the Readex Early American Imprints series.
|
| 533 |
|
|
|a Electronic text and image data.
|b [Chester, Vt. :
|c Readex, a division of Newsbank, Inc.,
|d 2002-2004.
|e Includes files in TIFF, GIF and PDF formats with inclusion of keyword searchable text.
|f (Early American imprints. First series ; no. 3294).
|
| 500 |
|
|
|a Electronic resource.
|
| 655 |
|
7 |
|a Almanacs
|z New York (State)
|y 1731.
|2 rbgenr
|
| 740 |
0 |
|
|a American almanack for the year of Christian account 1731.
|
| 752 |
|
|
|a United States
|b New York
|d New York.
|
| 752 |
|
|
|a United States
|b Pennsylvania
|d Philadelphia.
|
| 830 |
|
0 |
|a Early American imprints.
|n Series I,
|p Evans (1639-1800) ;
|v no. 3294.
|
| 856 |
4 |
1 |
|u http://proxy.library.tamu.edu/login?url=https://opac.newsbank.com/select/evans/3294
|y Evans Digital Edition
|t 0
|
| 999 |
|
|
|a MARS
|
| 999 |
f |
f |
|s b81cfea0-c4a4-30f8-9c07-9adbbea048bd
|i 8f27f054-7fdc-3649-b51a-3e247bf94582
|t 0
|
| 952 |
f |
f |
|a Texas A&M University
|b College Station
|c Electronic Resources
|s www_evans
|d Available Online
|t 0
|h No information provided
|
| 998 |
f |
f |
|t 0
|l Available Online
|